Popularne internetowe memy - Statystyki

Ogólne statystyki
  • Ten quiz został rozwiązany 984 razy
  • Średni wynik to 7 z 15
Statystyki odpowiedzi
Opis mema Mem % Poprawnych
Wysoka postać, w garniturze, bez twarzy, która występuje w miejskiej legendzie. Slender Man
88%
Pies rasy shiba inu, przedstawia otoczonego go wokół kolorowymi tekstami, wśród których często występuje słowo: ''wow''. Doge/Pieseł
81%
Jumpscare, który wyskakuje w zwykłym filmiku, w niespodziewanym momencie z przesterami. Widnieje tam imię i nazwisko popularnego wrestlera, z wymawianymi słowami ''and his name is ____ ____!'' John Cena
81%
Animacja różowego kota, który leci w kosmosie "wypuszczając" z siebie tęczę. Nyan Cat
77%
Goryl, który został zastrzelony przez pomyłkę w Amerykańskim zoo, próbując uratować 4-letniego chłopca. Harambe
48%
Brazylijski mężczyzna o ciemnej karnacji z czerwoną chustą na głowię, który erotycznie tańczy w slipach, do muzyki ''Dota''. Ricardo Milos
48%
Taniec ,który zaczyna się od zamaskowanego osobnika tańczącego samotnie w grupie, po czym nagle zaczynają się dzikie tańce z udziałem całej grupy. Popularny w 2012 roku. Harlem Shake
46%
Creepypasta, której postacią jest dziewczyna, z długimi włosami, wytrzeszczonymi ,dużymi oczami oraz nogami ptaka. Momo
46%
Mem należy do grupy ''Rage Comic'', posiada figlarny usmiech. Używa się go, by zirytować kogoś. Popularny w latach 2010-12. Trollface
46%
Postać z Sonika, spopularyzowana, dzięki grze VRChat. Wymawia frazy typu: "Czy znasz drogę?". Ugandan Knuckles
39%
Piosenka, która w czasach swojej świetności, podbijała internet. Charakterystyczną cechą teledysku jest ''Taniec konia'' Gangnam Style
33%
Prześmiewcza wersja Kaczki Donalda. Często przedstawiany jako psychopatyczny zabójca i uzależniony od seksu. Dolan
32%
Emotikona, która zwykle ma oznaczać dwuznaczność jakiejś rzeczy. Znana od 2012 i jest popularna do dziś. Lenny face
29%
Mem ten, jest używany do wyrażenia zgody na niezręczną lub przewrotną sytuację. Nazwa mema jest w języku hiszpańskim. Należy do grupy ''Rage Comic'' Me Gusta
27%
Pseudonim nadany postaci 3D zielonej żaby jeżdżącej na monocyklu, któremu zazwyczaj towarzyszą hasła typu: ''here comes _____!'' Dat boi
19%
Nie znaleziono quizów pasujących do podanych kryteriów
Rozkład punktacji
Procent ludzi z każdym wynikiem
Percentyl według liczby udzielonych odpowiedzi
Twoja historia wyników
Nie rozwiązałeś tego quizu